The Mainstream Law Reports. Volume XV /
| Weitere Verfasser: | |
|---|---|
| Format: | Buch |
| Sprache: | Multiple English Bengali |
| Veröffentlicht: |
Dhaka :
Shahanaj Khondaker,
2010
|
| Schlagworte: | |
| Classic Catalogue: | View this record in Classic Catalogue |
| LEADER | 01166nam a2200289 4500 | ||
|---|---|---|---|
| 001 | 0023878 | ||
| 003 | BD-DhAAL | ||
| 008 | 111129s2010 bg w 000 0 mul d | ||
| 040 | |a BD-DhAAL |c BD-DhAAL | ||
| 041 | |a eng |a ben | ||
| 082 | 0 | 0 | |a 348.5492046 |2 22 |
| 245 | 0 | 4 | |a The Mainstream Law Reports. |n Volume XV / |c editor, Khondaker Md. Abu Bakar. |
| 246 | 1 | 7 | |a MLR |
| 260 | |a Dhaka : |b Shahanaj Khondaker, |c 2010 | ||
| 300 | |a Various pagings ; |c 24 cm | ||
| 362 | 0 | |a Vol. 15 (2010) | |
| 500 | |a Regd. DA-NO 50/95, Vol-XV | ||
| 500 | |a Citation :15 MLR (AD)(HCD) | ||
| 500 | |a a monthly legal journal | ||
| 541 | |e 00023878 | ||
| 650 | 0 | |a Law reports, digests, etc. |z Bangladesh. |9 1693 | |
| 700 | |a Abu Bakar, Khondaker Muhammad. |9 59442 | ||
| 852 | 1 | |a Ayesha Abed Library | |
| 942 | |2 ddc |c 1HOUR | ||
| 999 | |c 11518 |d 11518 | ||
| 952 | |0 0 |1 0 |2 ddc |4 0 |6 348_549204600000000_MAI |7 0 |9 18724 |a BRACUL |b BRACUL |c REF |d 2011-11-29 |l 6 |o 348.5492046 MAI |p 3010023878 |r 2018-03-14 |s 2018-03-14 |t 1 |w 2011-11-29 |y 1HOUR |x Available | ||
| 952 | |0 0 |1 0 |2 ddc |4 0 |6 348_549204600000000_MAI |7 0 |9 18731 |a BRACUL |b BRACUL |c REF |d 2011-11-29 |l 3 |o 348.5492046 MAI |p 3010023879 |r 2017-11-18 |s 2017-11-18 |t 2 |w 2011-11-29 |y 1HOUR | ||